Countries of South America (with no hints!) - Statistics

General Stats
  • This quiz has been taken 19 times
  • The average score is 12 of 13
Answer Stats
Answer % Correct
Brazil
100%
Argentina
93%
Guyana
93%
Peru
93%
Uruguay
93%
Bolivia
86%
Chile
86%
Colombia
86%
Ecuador
86%
French State French Guyana
86%
Paraguay
86%
Suriname
86%
Venezuela
86%
No matching quizzes found
Score Distribution
Percent of People with Each Score
Percentile by Number Answered
Your Score History
You have not taken this quiz